000 00509cam a22001934a 4500
005 20250605164308.0
008 250528s ||||||||||||||||||||||||d
035 _a22356
020 _a9789602869802
040 _aGR-AtMCL
_bgre
_dGR-AtMCL
_eAACR2
245 1 _aΔΙΑΓΝΩΣΤΙΚΑ ΘΕΜΑΤΑ ΛΟΓΟΘΕΡΑΠΕΙΑΣ
250 _a1
260 _bΈλλην,
_c2007
300 _a475
700 1 _aΚαμπαναρου Μαρια
_98211
942 _cBK
999 _c7409
_d7409